000 00764nam a2200181 i 4500
001 114780
003 ES-MaACL
005 20230906190241.0
007 t|
008 070327s1890 sp ||||1| spa d
110 2 _aInstituto Provincial de Segunda Enseñanza de Guipúzcoa (San Sebastián)
_9134537
245 1 0 _aMemoria acerca del estado del Instituto Provincial de Segunda Enseñanza de Guipúzcoa durante el curso de 1888 a 1889 /
_cpor Cándido Ríos y Rial.
260 _aSan Sebastián :
_b[s.n.],
_c1890 (
_fImp. La Voz de Guipúzcoa)
300 _a74 p. ;
_c20 cm.
610 2 4 _aInstituto Provincial de Segunda Enseñanza de Guipuzcoa (San Sebastián)-
_vMemorias.
_9144977
700 0 _aRíos y Rial, Cándido.
_997405
852 _aES-MaACL
_jT-531-F-5
999 _c114780
_d114780